Ley de asociaciones religiosas y culto público 1993 / Dirección General de Asuntos Religiosos
Uloženo v:
| Korporace: | , |
|---|---|
| Médium: | Kniha |
| Témata: | |
| Tagy: |
Žádné tagy, Buďte první, kdo vytvoří štítek k tomuto záznamu!
|
MARC
| LEADER | 00000nam^a2200000^u^4500 | ||
|---|---|---|---|
| 001 | 000553037 | ||
| 005 | 20250521000000.0 | ||
| 008 | 060220s1000^^^^^^^^^^^^r^^^^^000^0^spa^d | ||
| 009 | 20260310131629.67 | ||
| 035 | |a FMI 000022829 | ||
| 037 | |a Acervo Xavier Clavigero | ||
| 096 | |a 5.7.5/18/A | ||
| 110 | |a Dirección General de Asuntos Religiosos | ||
| 245 | 1 | 0 | |a Ley de asociaciones religiosas y culto público 1993 / Dirección General de Asuntos Religiosos |
| 264 | |a México : Dirección General de Comunicación Socia, 1993 | ||
| 300 | |a 25 p | ||
| 336 | |a texto |b txt |2 rdacontenido | ||
| 337 | |a sin mediación |b n |2 rdamedio | ||
| 338 | |a volumen |b nc |2 rdasoporte | ||
| 649 | |a XX | ||
| 650 | |a Doctrina social Católica | ||
| 710 | |a Secretaría de Gobernación | ||
| 910 | |a Fondo Francisco Migoya Covarrubias S.J. | ||
| 920 | |a Impresos - Libros | ||
| 930 | |a Fondos Especiales | ||
| 905 | |a 134 | ||
| 901 | |a SBC30276 |b IT2 |c ESP |u 20250521 | ||
| 902 | |a https://opac.biblio.iteso.mx/vufind/Record/000553037 | ||